[Event "Paris GCT 2017 Blitz"]
[Site "Paris"]
[Date "2017.06.25"]
[Round "18"]
[White "Mamedyarov, Shakhriyar"]
[Black "Caruana, Fabiano"]
[Result "1-0"]
[WhiteElo "2800"]
[BlackElo "2808"]
[Annotator "TA"]
[PlyCount "95"]
[EventDate "2017.??.??"]
[EventType "tourn"]
[EventCountry "FRA"]
[SourceTitle "playchess.com"]
[Source "ChessBase"]
[SourceQuality "1"]

{[%evp 17,95,8,88,8,20,15,16,21,29,0,0,-3,-8,-5,27,-16,-2,-70,-61,-82,-72,-70,-54,-117,-114,-185,-182,-164,-177,-208,-28,-28,-25,-229,0,0,0,-202,0,0,210,214,260,239,227,209,253,253,247,231,503,279,279,279,279,276,276,270,264,240,302,287,281,268,272,250,5939,0,0,0,5034,0,29989,29990,29990,29991,29991,29992,29992,29993]} 1. d4 d6 2. Nf3 Nf6 3. g3 g6 4. Bg2 Bg7 5. O-O O-O 6. c4 Bf5 7. Re1 c6 8. Nc3 Ne4 9. Qb3 {E62: King's Indian: Fianchetto: 6...c6 and Panno Variation (6...Nc6) without ...a6} (9. Nxe4 Bxe4 10. Bh3 d5 11. Ng5 Na6 12. a3 e6 13. b4 Bf5 14. Bxf5 exf5 15. c5 Nc7 16. Bf4 Nb5 17. Nf3 Nc3 {½-½ (62) Georgiadis,N (2473)-Caruana,F (2813) Germany 2016}) 9... Qb6 {LiveBook: 4 Games} (9... Nxc3 $11 10. bxc3 (10. Qxb7 Nxe2+ 11. Rxe2 Nd7 $11) 10... Bc8) 10. g4 (10. Nh4 $1 $16) 10... Nxc3 $11 11. gxf5 {The position is equal.} Ne4 $146 ({Predecessor:} 11... Qxb3 12. axb3 Ne4 13. fxg6 hxg6 14. Ng5 Nxg5 15. Bxg5 Re8 16. Red1 Nd7 {½-½ (83) Kolev,A (2490)-Del Rey,D (2400) Spain 1994}) 12. fxg6 hxg6 13. Qd3 d5 14. b3 Nd7 15. Be3 e6 16. h4 (16. Ne5 $5 {[%cal Re5d7]} Nef6 17. Rec1 $14) 16... f5 17. cxd5 (17. Rad1 $11) 17... exd5 $15 18. Bf4 Rae8 19. e3 Qd8 20. Kf1 (20. Ng5 $1 $15) 20... Ndf6 21. Ke2 (21. Re2 $17) 21... Ng4 22. Rf1 c5 23. Rac1 b6 $2 ({Black should play} 23... cxd4 $1 $19 {aiming for ...Nexf2.} 24. Nxd4 Qxh4 25. Bxe4 fxe4) 24. dxc5 $1 $11 bxc5 25. Rc2 $2 (25. Ng5 $11) 25... Rf7 $2 (25... d4 $1 $19 26. Ng5 Be5 27. Bxe4 fxe4 28. Qc4+ Kg7) 26. Ng5 Rd7 27. Bf3 $2 {[#]} (27. Bxe4 $11 fxe4 28. Qb5) 27... Ngf6 $2 ({Black should try} 27... c4 $1 $19 {[%mdl 512]} 28. bxc4 Be5) 28. Rd1 c4 $2 (28... Qb6 $11 {and Black has nothing to worry.}) 29. bxc4 $18 {[%cal Bb3c4,Bc4c5,Bc5c6,Bc6c7][%mdl 32]} d4 {[#]} 30. c5 $1 {[%cal Rc5c6]} (30. Bxe4 $2 fxe4 31. Qb3 d3+ 32. Kf1 dxc2 $19) 30... Nd5 31. Qc4 ({Avoid the trap} 31. Nxe4 $2 Nxf4+ 32. exf4 fxe4 $19) 31... Kh8 32. Kf1 {And now c6 would win.} Nxf4 33. exf4 {Black must now prevent c6.} Qc7 $2 (33... Qf6 {might work better.} 34. c6 Rc7) 34. c6 Rde7 35. Bxe4 fxe4 36. Rxd4 Qxf4 37. Rd7 Qxh4 {[#]} 38. Rxe7 $1 Rxe7 39. c7 Qh1+ 40. Ke2 Qh5+ 41. Ke1 Qh1+ $2 (41... Rxc7 42. Qxc7 Qxg5) 42. Ke2 Qh5+ 43. Ke1 Qh1+ $1 44. Kd2 $2 ({White has to play} 44. Qf1 $18 Qxf1+ 45. Kxf1 Rxc7 46. Rxc7) 44... Rd7+ $2 {[%mdl 8192]} (44... e3+ $11 45. Ke2 exf2+ 46. Kxf2 Qh2+ 47. Kf3 Qh1+ 48. Kf2 Qh2+ 49. Kf3 Qh5+ 50. Qg4 Qh1+ 51. Kf2 Qh2+ 52. Kf1 Qh1+ 53. Kf2 Qh2+ 54. Kf1 Qh1+ 55. Kf2) 45. Ke3 {White mates.} Qe1+ 46. Kf4 Be5+ 47. Kxe5 Qa5+ 48. Qc5 {Precision: White = 41%, Black = 41%.} 1-0

[Event "Paris GCT 2017 Blitz"]
[Site "Paris"]
[Date "2017.06.25"]
[Round "18"]
[White "Karjakin, Sergey"]
[Black "Nakamura, Hikaru"]
[Result "0-1"]
[WhiteElo "2781"]
[BlackElo "2785"]
[Annotator "TA"]
[PlyCount "116"]
[EventDate "2017.??.??"]
[EventType "tourn"]
[EventCountry "FRA"]
[SourceTitle "playchess.com"]
[Source "ChessBase"]
[SourceQuality "1"]

{[%evp 20,116,22,7,19,9,19,0,0,0,0,0,6,0,0,0,0,0,0,0,1,0,0,0,0,0,0,0,0,0,0,0,0,0,0,0,0,-11,-14,-36,-27,-55,-60,-54,-38,-38,-38,-47,-39,-60,-44,-115,-131,-166,-163,-164,-141,-159,-152,-135,-102,-126,-23,-29,-28,-40,0,0,0,0,0,0,0,-8,0,0,0,-13,-9,-10,1,-314,-302,-395,-397,-364,-372,-379,-365,-463,-461,-525,-508,-1731,-1356,-1322,-776,-12839,-12839]} 1. e4 e5 2. Nf3 Nc6 3. Bc4 Bc5 4. O-O Nf6 5. d3 d6 6. c3 a6 7. a4 O-O 8. h3 {C54: Giuoco Piano: 4 c3 Nf6, main lines with 5 d4 and 5 d3} Ba7 9. Re1 Ne7 10. d4 Ng6 11. Nbd2 {LiveBook: 14 Games} Re8 $146 ({Predecessor:} 11... c6 12. Bd3 Re8 13. Bc2 h6 14. Nf1 exd4 15. cxd4 {1-0 (40) Kramnik,V (2808)-Carlsen,M (2832) Stavanger 2017}) 12. Qb3 Qe7 13. a5 h6 14. Bf1 c6 15. Qc2 Be6 16. dxe5 Nxe5 17. Nxe5 dxe5 18. Nc4 Qc7 19. Be3 Bxc4 20. Bxc4 Bxe3 21. Rxe3 Rad8 22. Rd3 Rxd3 23. Qxd3 Rd8 24. Qe3 Rd7 25. g3 Qd6 26. b4 Qd2 {White must now prevent ...Qxe3.} 27. Re1 h5 28. Qxd2 Rxd2 $11 {[%mdl 4096] Endgame KRB-KRN} 29. Kg2 h4 30. Kf3 hxg3 31. fxg3 Rc2 32. Re3 g5 33. Rd3 Kf8 34. Bb3 Rb2 35. Bd1 (35. Bc4 $15) 35... Ke7 $17 36. Ke3 Rg2 $1 37. Kf3 Rh2 38. Bb3 Rxh3 39. Kg2 Rh8 ({Of course not} 39... Nxe4 $6 40. Re3 $11) 40. Rf3 g4 ({Much worse is} 40... Nxe4 $6 41. Rxf7+ Kd6 42. Rxb7 $11) ({Better is} 40... Rd8 $1 $17 {...Rd2+ is the strong threat.} 41. Bc2 c5 $1 {[%mdl 512]} 42. bxc5 Rc8) 41. Rf5 $11 Rh5 42. Rf1 Rg5 43. Bc4 Rh5 44. Rf2 Rg5 45. Rf1 Rh5 46. Rf2 Rh3 47. Rf5 Nh5 48. Rxe5+ Kd6 49. Rf5 f6 50. Kf2 $2 {[%mdl 8192]} (50. Rf3 $11) 50... Nxg3 $19 51. Rxf6+ Ke5 52. Re6+ Kf4 53. Rf6+ Kg5 54. Re6 {[#]} Nh5 $1 {Black is clearly winning.} 55. Re7 Rxc3 56. Be2 (56. Bf1 $142 g3+ 57. Kg1) 56... g3+ 57. Ke1 Nf4 {Threatens to win with ...Rc1+.} 58. Rxb7 Re3 {Precision: White = 46%, Black = 76%.} 0-1

[Event "Paris GCT 2017 Blitz"]
[Site "Paris"]
[Date "2017.06.25"]
[Round "18"]
[White "Grischuk, Alexander"]
[Black "Vachier-Lagrave, Maxime"]
[Result "1/2-1/2"]
[WhiteElo "2761"]
[BlackElo "2796"]
[Annotator "TA"]
[PlyCount "93"]
[EventDate "2017.??.??"]
[EventType "tourn"]
[EventCountry "FRA"]
[SourceTitle "playchess.com"]
[Source "ChessBase"]
[SourceQuality "1"]

{[%evp 14,93,17,11,27,0,0,0,17,16,11,1,16,6,41,17,40,12,15,34,35,31,36,63,29,0,9,0,37,-8,41,35,43,47,59,0,0,0,0,0,0,-9,-8,-2,-9,-20,-16,-29,-27,-24,-15,-18,0,0,0,0,10,6,16,2,9,16,27,27,30,16,16,16,16,16,16,16,16,2,2,2,2,0,6,0,8,0]} 1. d4 Nf6 2. c4 g6 3. g3 c6 4. Bg2 d5 5. Qa4 Bg7 6. cxd5 Nxd5 7. Nf3 O-O 8. O-O {LiveBook: 16 Games} Bf5 {A11: English Opening: 1...c6} (8... Bg4 9. Nbd2 Qb6 10. h3 Bxf3 11. Nxf3 Nd7 12. e4 Nc7 13. Be3 Qb5 14. Qc2 a5 15. a4 Qa6 16. Rfd1 {½-½ (57) Grischuk,A (2711)-Radjabov,T (2735) Odessa 2008}) 9. Nbd2 Nb6 10. Qa5 Qd5 11. Qa3 Qd6 12. b3 Na6 13. e4 {[#] And now Qxd6 would win.} Bd7 $146 ({Predecessor:} 13... Bg4 14. Qxd6 exd6 15. Ba3 Rfd8 16. Rac1 Nc7 17. h3 Bxf3 18. Nxf3 {0-1 (26) Hoelzl,F (2390)-Eisterer,H (2340) Austria 1987}) 14. Bb2 Rfe8 15. Rad1 Rad8 16. Qa5 Qb4 17. Qg5 c5 {[%cal Rc5d4]} 18. a3 Qb5 19. Qe3 (19. Rfe1 {looks sharper.} cxd4 20. e5 f6 21. Qf4 Nc5 22. Bf1) 19... Bg4 20. Rc1 cxd4 21. Nxd4 Qd7 {[%cal Rg7d4]} (21... Qh5 {feels hotter.} 22. f3 Bd7 23. f4 e5 24. fxe5 Qxe5 25. Qf2 Qe7) 22. e5 Nd5 23. Qe1 Bh3 24. f4 ({Better is} 24. Bxh3 $14 Qxh3 25. Qe2) 24... Bxg2 $11 25. Kxg2 Rc8 26. Qe2 Nc5 27. N2f3 Ne6 28. Nxe6 Qxe6 29. Rxc8 Rxc8 30. Rc1 Rxc1 31. Bxc1 Qc6 (31... Qb6 {with more complications.} 32. Qc4 e6 33. Ng5 Bf8 34. Ne4 h5) 32. Qc4 $1 Qxc4 33. bxc4 {[%mdl 4096] Endgame KBN-KBN} Nb6 34. c5 Nc4 35. Kf2 f6 {[%cal Rf6e5]} 36. e6 f5 37. Ke2 Kf8 38. Kd3 Na5 39. Bd2 Nc6 $1 {The position is equal.} 40. Kc4 Bf6 41. a4 Ke8 42. Kd5 Kd8 43. h3 h5 44. Be1 Ke8 45. Bd2 (45. g4 $5) 45... Kd8 46. Be1 Ke8 47. Bd2 {Precision: White = 49%, Black = 57%.} (47. g4 $5) 1/2-1/2

[Event "Paris GCT 2017 Blitz"]
[Site "Paris"]
[Date "2017.06.25"]
[Round "18"]
[White "Topalov, Veselin"]
[Black "Bacrot, Etienne"]
[Result "1-0"]
[WhiteElo "2749"]
[BlackElo "2708"]
[Annotator "TA"]
[PlyCount "75"]
[EventDate "2017.??.??"]
[EventType "tourn"]
[EventCountry "FRA"]
[SourceTitle "playchess.com"]
[Source "ChessBase"]
[SourceQuality "1"]

{[%evp 27,75,0,7,0,0,0,20,8,61,6,9,0,0,-3,10,14,14,14,11,10,42,27,30,45,45,40,34,35,56,21,104,28,120,70,149,147,277,258,1063,857,2761,1527,29982,1822,12837,12837,12837,12838,12837,12836]} 1. c4 e5 2. d3 Nf6 3. Nf3 Nc6 4. a3 a5 5. Nc3 g6 6. g3 Bg7 7. Bg2 O-O 8. O-O d6 9. Rb1 Re8 10. e4 Bg4 11. h3 {A26: English Opening vs King's Indian with ...Nc6 and d3} Bxf3 12. Bxf3 Nd4 13. Bg2 Nd7 14. Be3 c6 {LiveBook: 3 Games} 15. h4 h5 $146 ({Predecessor:} 15... Nc5 16. Bh3 a4 17. Kg2 Ra6 18. f3 Qa5 {½-½ (51) Petronic,J (2365)-Markovic,M (2300) Belgrade 1989}) 16. Bh3 Kh7 17. Kh2 Qe7 (17... Nc5 $11) 18. Ne2 (18. Bg5 $1 $14 Nf6 19. f4) 18... Ne6 19. b4 axb4 20. axb4 Rf8 21. Ng1 Bh6 22. Bxh6 Kxh6 23. Nf3 f5 24. exf5 gxf5 25. d4 {[%cal Bd3d4,Bd4d5][%mdl 32]} e4 26. d5 exf3 27. dxe6 Ne5 28. c5 {Strongly threatening Qd2+.} Rad8 (28... d5 $11 {keeps the balance.}) 29. Qc1+ (29. Re1 $16 {Threatens to win with cxd6.} f4 30. Qc2) 29... Kg6 (29... f4 $1 $11) 30. Qf4 $36 {[%mdl 2048] Black is under pressure.} Ng4+ {[#]} (30... Nd3 $14 31. Qxf3 dxc5) 31. Kg1 $1 $16 dxc5 (31... Qxe6 $16 {keeps fighting.} 32. Rbd1 d5) 32. bxc5 $18 Rd3 $2 (32... Rd5 33. Rxb7 (33. Qxf3 Rf6 $16) 33... Qxb7 34. Qg5+ Kh7) 33. Rfe1 Kh7 34. Bxg4 hxg4 {[#]} 35. Re5 (35. Rxb7 $142 $1 {[%mdl 512]} Qxb7 36. e7 Qb8 37. Qg5 Re8 38. Re6 Rd1+ 39. Kh2 Qxg3+ 40. fxg3) 35... Rd5 {White is clearly winning.} 36. Rxd5 cxd5 37. Qd6 Qg7 38. Qd7 {Precision: White = 57%, Black = 18%.} 1-0